سنن أبي داوود ;; Sunan Abī Dāwūd / (Record no. 78089)
[ view plain ]
| 000 -LEADER | |
|---|---|
| fixed length control field | 01853nam a22002771 4500 |
| 001 - CONTROL NUMBER | |
| control field | 78089 |
| 003 - CONTROL NUMBER IDENTIFIER | |
| rucl marc code | BD-RjUL |
| 005 - DATE AND TIME OF LATEST TRANSACTION | |
| control field | 20211209083104.0 |
| 008 - FIXED-LENGTH DATA ELEMENTS--GENERAL INFORMATION | |
| fixed length control field | 010508m19691974sy 000 0 arar |
| 035 ## - SYSTEM CONTROL NUMBER | |
| System control number | (BD-RjUL)78315 |
| 040 ## - CATALOGING SOURCE | |
| Original cataloging agency | DLC |
| Transcribing agency | CU |
| Modifying agency | CU |
| -- | MH |
| -- | CStRLIN |
| -- | UkOxU |
| Language of cataloging | eng |
| 041 ## - LANGUAGE CODE | |
| Language code of text/sound track or separate title | ara |
| 066 ## - CHARACTER SETS PRESENT | |
| Alternate G0 or G1 character set | (3 |
| 082 ## - DEWEY DECIMAL CLASSIFICATION NUMBER | |
| Edition number | 23 |
| Classification number | 279.12551 |
| Author mark and year | ABS 1969 |
| 100 0# - MAIN ENTRY--PERSONAL NAME | |
| Personal name | أبو داؤود سليمان بن الأشعث السجستاني. ;; Abū Dāʼūd Sulaymān ibn al-Ashʿath al-Sijistānī, |
| Dates associated with a name | 817 or 818-889. |
| 9 (RLIN) | 246186 |
| 245 10 - TITLE STATEMENT | |
| Title | سنن أبي داوود ;; Sunan Abī Dāwūd / |
| Statement of responsibility, etc. | لأبي داوود سليمان بن الأشعث السجستاني الأزدي. ومعه كتاب معالم السنن / للخطابي. وهو شرح عليه مع تخريج أحاديثه وترقيمها وفهرس عام لجميع الأحاديث مرتب على الحروف الهجائية وقد إمتاز هذا الكتاب بجمع شمل أحاديث الأحكام ؛ إعداد و تعليق عزت عبيد الدعاس ;;;-Abi Dāwūd Sulaymān ibn al-Ashʿath al-Sijistānī al-Azadī. Wa-maʿahu Kitāb Maʿālim al-sunan / lil-Khaṭṭābī. Wa-huwa sharḥ ʿalayhi maʿa takhrīj aḥādīthihi wa-tarqīmihā wa-fihris ʿāmm li-jamīʿ al-aḥādīth murattab ʿalá al-ḥurūf al-hijāʼīyah wa-qad imtāza hādha al-kitāb bi-jamʿ shamal aḥādīth al-aḥkām ; iʿdād wa-taʿlīq ʿIzzat ʿUbayd al-Daʿʿās./ |
| 250 ## - EDITION STATEMENT | |
| Edition statement | al-Ṭabʿah 1. |
| 260 ## - PUBLICATION, DISTRIBUTION, ETC. (IMPRINT) | |
| Place of publication, distribution, etc. | Ḥumṣ : |
| Name of publisher, distributor, etc. | Muḥammad ʿAlī al-Sayyid, |
| Date of publication, distribution, etc. | 1969-1974. |
| 300 ## - PHYSICAL DESCRIPTION | |
| Pagination | v. ; |
| Size | 25 cm. |
| 650 ## - SUBJECT ADDED ENTRY--TOPICAL TERM | |
| Topical term or geographic name as entry element | Sunan Abī Dāwūd |
| Form subdivision | Hadith |
| 9 (RLIN) | 246187 |
| Topical term or geographic name as entry element | Hadith |
| Form subdivision | Texts |
| Chronological subdivision | Early works to 1800. |
| 9 (RLIN) | 246190 |
| 700 12 - ADDED ENTRY--PERSONAL NAME | |
| Personal name | Khaṭṭābī, Ḥamd ibn Muḥammad, |
| Dates associated with a name | 931-996. |
| Personal name | Daʿʿās, ʿIzzat ʿUbayd |
| 942 ## - ADDED ENTRY ELEMENTS (KOHA) | |
| Source of classification or shelving scheme | Dewey Decimal Classification |
| Koha item type | Books |
| Lost status | Source of classification or shelving scheme | Damaged status | Not for loan | Collection code | Permanent Location | Current Location | Shelving location | Date acquired | Total Checkouts | Full call number | Date last seen | Copy number | Koha item type |
|---|---|---|---|---|---|---|---|---|---|---|---|---|---|
| Dewey Decimal Classification | Not For Loan | Non-fiction | Central Library, University of Rajshahi | Central Library, University of Rajshahi | Reading Room | 18/03/2021 | A 279.12551 ABS V-1 1969 | 18/03/2021 | C-1 | Books | |||
| Dewey Decimal Classification | Not For Loan | Non-fiction | Central Library, University of Rajshahi | Central Library, University of Rajshahi | Reading Room | 17/08/2021 | A 279.12551 ABS V-1-2 1969 | 17/08/2021 | C-1 | Books |